000 00317nam a2200121Ia 4500
008 250110s9999 xx 000 0 und d
041 _aeng
100 _aSarda Kshitija
_9182593
245 _aAhmednagar Club
260 _bFinal Year B. Arch, BNCA
_c2014
300 _a84p
700 _aGuide Name:Chutake Rahul
_9210268
999 _c363460
_d363460